Don't Name That Novel Quiz Stats

 Plays Quiz Updated Nov 26, 2018

Challenge
Share
Tweet
Embed
Score 0/16 Timer 06:00
1 Play Today
Author Any Novel... % Correct
Victor HugoThe Hunchback of Notre-Dame
67.3%
Ayn RandThe Fountainhead
58.2%
Harper LeeGo Set a Watchman
54.1%
Louisa May AlcottLittle Men
53.3%
Virginia WoolfTo the Lighthouse
52.1%
Gabriel García MárquezLove in the Time of Cholera
51.2%
Robert Louis StevensonKidnapped
48.1%
Douglas AdamsDirk Gently's Holistic Detective Agency
44.6%
Author Any Novel... % Correct
Ray BradburySomething Wicked This Way Comes
35%
Umberto EcoFoucault's Pendulum
20.9%
James BaldwinGo Tell It on the Mountain
20.6%
Jack KerouacThe Dharma Bums
15.9%
Pat ConroyThe Lords of Discipline
12.4%
David Foster WallaceThe Pale King
11.1%
William S. BurroughsJunkie
10.9%
Bram StokerThe Lair of the White Worm
9.8%

You're not logged in!

Compare scores with friends on all Sporcle quizzes.
OR
Log In

You Might Also Like...

Show Comments

Extras

Top Quizzes Today


Score Distribution

Your Account Isn't Verified!

In order to create a playlist on Sporcle, you need to verify the email address you used during registration. Go to your Sporcle Settings to finish the process.

Report this User

Report this user for behavior that violates our Community Guidelines.

Details: